Statistics for Nationalities of Formula E Drivers

Click here to take the quiz!

General Stats

  • This quiz has been taken 28 times
  • The average score is 15 of 19

Answer Stats

Answer% Correct
Brazil
92%
United Kingdom
92%
France
88%
Germany
88%
Belgium
84%
Canada
84%
Italy
84%
Spain
84%
Japan
80%
Mexico
80%
Portugal
80%
United States
80%
Netherlands
72%
Sweden
72%
Argentina
68%
China
68%
Switzerland
68%
India
60%
Monaco
44%

Score Distribution

Percentile by Number Answered

Percent of People with Each Score

Your Score History

You have not taken this quiz